Central Library OPAC University of Rajshahi

মালিক আশতারের প্রতি ইমাম আলীর (রাঃ) চিঠি : (Record no. 56799)

MARC details
000 -LEADER
fixed length control field 01041nam a2200217 a 4500
001 - CONTROL NUMBER
control field 56799
003 - CONTROL NUMBER IDENTIFIER
rucl marc code BD-RjUL
005 - DATE AND TIME OF LATEST TRANSACTION
control field 20211209080432.0
008 - FIXED-LENGTH DATA ELEMENTS--GENERAL INFORMATION
fixed length control field 161204m1999 bg ||||| |||| 00| 0 ben d
035 ## - SYSTEM CONTROL NUMBER
System control number (BD-RjUL)56923
040 ## - CATALOGING SOURCE
Original cataloging agency BD-RjUL
Language of cataloging ben
Transcribing agency BD-RjUL
Modifying agency BD-RjUL
041 ## - LANGUAGE CODE
Language code of text/sound track or separate title ben
082 ## - DEWEY DECIMAL CLASSIFICATION NUMBER
Edition number 23
Classification number 297.61
Author mark and year MAL 1999
245 10 - TITLE STATEMENT
Title মালিক আশতারের প্রতি ইমাম আলীর (রাঃ) চিঠি :
Remainder of title সংবিধান প্রণয়নের উৎস হিসাবে পরিগণিত /
Statement of responsibility, etc. ভুমিকা ও উপশিরোনাম : আলী আনসারীয়ান
260 ## - PUBLICATION, DISTRIBUTION, ETC. (IMPRINT)
Place of publication, distribution, etc. ঢাকা :
Name of publisher, distributor, etc. ইরানের সাংস্কৃতি কেন্দ্র,
Date of publication, distribution, etc. ১৯৮৪
300 ## - PHYSICAL DESCRIPTION
Pagination ৪৬ পৃ. ;
Size ২১ সেমি.
650 ## - SUBJECT ADDED ENTRY--TOPICAL TERM
Topical term or geographic name as entry element ইসলামী নেতা এবং তাদের কাজ
9 (RLIN) 168856
Topical term or geographic name as entry element Islamic leader and their works
9 (RLIN) 168881
700 ## - ADDED ENTRY--PERSONAL NAME
Personal name আনসারীয়ান, আলী
942 ## - ADDED ENTRY ELEMENTS (KOHA)
Source of classification or shelving scheme Dewey Decimal Classification
Koha item type Books
Holdings
Lost status Source of classification or shelving scheme Damaged status Not for loan Collection code Permanent Location Current Location Shelving location Date acquired Source of acquisition Total Checkouts Full call number Date last seen Copy number Koha item type
  Dewey Decimal Classification   Not For Loan Non-fiction Central Library, University of Rajshahi Central Library, University of Rajshahi Reading Room 06/06/1984 Iranian Ambasidori, Dhaka.   B 297.61 MAL 1984 04/12/2016 C-1 Books
  Dewey Decimal Classification     Non-fiction Central Library, University of Rajshahi Central Library, University of Rajshahi   18/08/2008 Iranian Ambasidori, Dhaka.   B 297.61 MAL 1999 10/12/2016 C-2 Books